Born in Gothenburg - Statistics

General Stats
  • This quiz has been taken 64 times
    2 since last reset
  • The average score is 8 of 23
Answer Stats
Hint Answer % Correct
Member of ABBA 1945 Björn Ulvaeus
100%
Former Deputy Secretary General of the United Nations and Swedish Minister for Foreign Affairs 1940 Jan Eliasson
100%
YouTuber, his YouTube channel is the most subscribed owned by an individiual 1989 PewDiePie
100%
Actor, "Mamma Mia!" "Thor" "Chernobyl" "Good Will Hunting" 1951 Stellan Skarsgård
100%
Former footballer (Southampton, Elfsborg) and most capped player for the Swedish national team 1976 Anders Svensson
50%
Ice hockey goaltender who plays for the Chicago Blackhawks 1999 Arvid Söderblom
50%
Golfer, winner of the Open Champsionship 2016 and Olympic silver medalist 2016 1976 Henrik Stenson
50%
Former ice hockey forward who played for the Bruins, Stars, Coyotes and Canucks in the NHL 1985 Loui Eriksson
50%
Ice hockey player who plays for the Detroit Red Wings 2002 Lucas Raymond
50%
Drummer of the Scorpions since 2016 and drummer of Motörhead from 1992 until 2015 1963 Mikkey Dee
50%
Ice hockey goalkeeper who plays for the Vegas Golden Knights 1991 Robin Lehner
50%
Academy Award winning actress, "The Danish Girl" "Ex Machina" "Tomb Raider" 1988 Alicia Vikander
0%
Executive Director of ICAN, she accepted the Nobel Peace Prize for the organization 1982 Beatrice Fihn
0%
Hall of Fame ice hockey right wing who played primarily for the Ottawa Senators 1972 Daniel Afredsson
0%
Swedish-Danish director, "The Guilty" 1988 Gustav Möller
0%
Singer and Winner of Eurovision Song Contest 2005 representing Greece, "My Number One" 1982 Helena Paparizou
0%
Lead singer of Ace of Base 1972 Jenny Berggren
0%
Ice hockey defenceman who plays for the Edmonton Oilers 1992 John Klingberg
0%
Handball player who plays for Barcelona and the Swedish national team 1995 Jonathan Carlsbogård
0%
Founding member of the Swedish Peace and Arbitration Society and Nobel Peace Prize winner 1844 Klas Pontus Arnoldson
0%
Handball Player of the Century and player with the most games and goals for the Swedish national team of all time 1964 Magnus Wislander
0%
Handball player who plays for Füchse Berlin and the Swedish national team 1991 Max Darj
0%
Handball player who plays for Paris Saint-Germain and the Swedish national team 1995 Sebastian Karlsson
0%
No matching quizzes found
Score Distribution
Percent of People with Each Score
Percentile by Number Answered
Your Score History
You have not taken this quiz since the last reset